Handball - Postes des Joueurs (15") - Statistiques

Statistiques générales
  • Ce quiz a été pris 1 854 fois
  • Le résultat moyen est 3 sur 7
Statistiques - réponses
Poste % Correct
0 Gardien
71%
3 Pivot
49%
3 Demi-Centre
34%
2 Arrière Gauche
28%
1 Ailier Droit
26%
1 Ailier Gauche
26%
2 Arrière Droit
25%
Aucun quiz correspondant
Distribution des résultats
% des personnes avec chaque résultat
Percentile par nombre de réponses
Votre historique - résultats
Vous n’avez pas pris ce quiz